LEADER 01245nam2-2200409---450- 001 990003203220203316 005 20100111121657.0 010 $a3-530-16700-2 035 $a000320322 035 $aUSA01000320322 035 $a(ALEPH)000320322USA01 035 $a000320322 100 $a20090309d1991----km-y0itay50------ba 101 $ager 102 $aCH 105 $a||||||||001yy 200 1 $a<> : Verratenes volk$enach dem Text der Erstausgabe (1949) mit einem 'Vorspiel' aus 'Burger und Soldaten 1918'$fAlfred Doblin 210 $aOlten$aFreiburg im Bresgau$cWalter$d1991 215 $a551 p.$d21 cm 410 0$12001 454 1$12001 461 1$1001000320298$12001 463 $1000320315 700 1$aDÖBLIN,$bAlfred$0387322 801 0$aIT$bsalbc$gISBD 912 $a990003203220203316 951 $aII.3.A.444/3.2.1$b4490/2 DSLL 959 $aBK 969 $aDSLL 979 $aDSLL$b90$c20090309$lUSA01$h1329 979 $aDSLL$b90$c20100111$lUSA01$h1119 979 $aDSLL$b90$c20100111$lUSA01$h1121 979 $aDSLL$b90$c20100111$lUSA01$h1138 979 $aDSLL$b90$c20100111$lUSA01$h1153 979 $aDSLL$b90$c20100111$lUSA01$h1216 996 $aVerratenes volk$91015380 997 $aUNISA